000 00453pab a2200181 454500
008 180718b2015 xxu||||| |||| 00| 0 eng d
100 _aHansen, Thomas Blom
245 _aCommunalism, democracy and Indian capitalism
260 _c2015
300 _ap. 40-43.
362 _aOct
650 _aCommunalism - India
650 _aCapitalism - India
650 _aDemocracy - India
650 _aCommunalism
773 _aSeminar
909 _a109000
999 _c108995
_d108995